000 00800nam a2200229 4500
003 CO-ViMGA
020 _a9789588898148
040 _aCO-ViMGA
_bspa
_cCO-ViMGA
082 0 4 _a808
_bA51b
110 _aAlcaldía Mayor de Bogotá
_93773
245 1 0 _aBrevario de paz /
_cAlcaldía Mayor de Bogotá.
260 _aColombia :
_bInstituto Distrital de las Artes - Idiartes,
_c2015.
300 _a131 p. :
_b16.3 cm.
490 _aCirculación libro al viento libre.
500 _aIncluye indice.
650 1 4 _aLiteratura.
_9351
710 _aCámara Colombiana del Libro.
_95504
710 _aInstituto Distrital de las Artes - Idiartes.
_95502
710 _aSecretaría de Educación del Distrito.
_95503
710 _aSecretaría Distrital de Cultura, Recreación y Deporte.
_95501
942 _cBK
_2ddc
999 _c35991
_d35991